Medziregionálna disparita SR v kontexte nových členov Európskej únie

Analýza regionálnych disparít v Slovenskej republike. Empirické prístupy k meraniu regionálnych disparít. Medziregionálna disparita SR v kontexte nových členov Európskej únie. Beta konvergencia v rámci EÚ 27. Sigma konvergencia v rámci EÚ 27. Beta konvergencia a sigma konvergencia v regiónoch Sloven...

Descrizione completa

Salvato in:
Dettagli Bibliografici
Autore principale: Workie Tiruneh, Menbere
Natura: Capitolo di libro
Lingua:slovacco
Soggetti:
Tags: Aggiungi Tag
Nessun Tag, puoi essere il primo ad aggiungerne!!

MARC

LEADER 00000naa$a2200000$$$4500
001 0120914
005 20240502072354.0
041 0 |a slo 
044 |a SK 
245 1 0 |a Medziregionálna disparita SR v kontexte nových členov Európskej únie  |c Menbere Workie Tiruneh 
520 |a Analýza regionálnych disparít v Slovenskej republike. Empirické prístupy k meraniu regionálnych disparít. Medziregionálna disparita SR v kontexte nových členov Európskej únie. Beta konvergencia v rámci EÚ 27. Sigma konvergencia v rámci EÚ 27. Beta konvergencia a sigma konvergencia v regiónoch Slovenka. 
610 2 0 |a regióny 
610 2 0 |a rozvoj regionálny 
610 2 0 |a disparita 
610 2 0 |a konvergencia 
610 2 0 |a modely 
610 2 0 |a rast hospodársky 
610 2 0 |a produkt domáci hrubý 
610 2 0 |a Slovensko 
610 2 0 |a Európska únia 
100 1 |a Workie Tiruneh, Menbere